MARC details
| 000 -LEADER |
| fixed length control field |
03540cam a22005057i 4500 |
| 001 - CONTROL NUMBER |
| control field |
data |
| 005 - DATE AND TIME OF LATEST TRANSACTION |
| control field |
20260322212120.0 |
| 008 - FIXED-LENGTH DATA ELEMENTS--GENERAL INFORMATION |
| fixed length control field |
data |
| 035 ## - SYSTEM CONTROL NUMBER |
| System control number |
21474569 |
| 010 ## - LIBRARY OF CONGRESS CONTROL NUMBER |
| LC control number |
2019303079 |
| 020 ## - INTERNATIONAL STANDARD BOOK NUMBER |
| International Standard Book Number |
9781250146274 |
| Qualifying information |
(paper over board) |
| 020 ## - INTERNATIONAL STANDARD BOOK NUMBER |
| International Standard Book Number |
1250146275 |
| Qualifying information |
(paper over board) |
| 035 ## - SYSTEM CONTROL NUMBER |
| System control number |
(OCoLC)1039082393 |
| 040 ## - CATALOGING SOURCE |
| Original cataloging agency |
PNX |
| Language of cataloging |
eng |
| Description conventions |
rda |
| Transcribing agency |
PNX |
| Modifying agency |
DLC |
| -- |
NZAUC |
| -- |
OCLCO |
| -- |
OCLCQ |
| -- |
OCLCF |
| -- |
IGA |
| -- |
NYP |
| -- |
OCLCA |
| -- |
OCL |
| -- |
DLC |
| 042 ## - AUTHENTICATION CODE |
| Authentication code |
lccopycat |
| 050 00 - LIBRARY OF CONGRESS CALL NUMBER |
| Classification number |
TX651 |
| Item number |
.C48 2018 |
| 082 04 - DEWEY DECIMAL CLASSIFICATION NUMBER |
| Classification number |
641.5 |
| Edition information |
23 |
| 100 1# - MAIN ENTRY--PERSONAL NAME |
| Personal name |
Chalmers, Irena, |
| Relator term |
author. |
| 245 14 - TITLE STATEMENT |
| Title |
The confident cook : |
| Remainder of title |
basic recipes and how to build on them / |
| Statement of responsibility, etc. |
Irena Chalmers ; drawings by Robert Graham Penny. |
| 250 ## - EDITION STATEMENT |
| Edition statement |
First Picador Cookstr Classics edition. |
| 264 #1 - PRODUCTION, PUBLICATION, DISTRIBUTION, MANUFACTURE, AND COPYRIGHT NOTICE |
| Place of production, publication, distribution, manufacture |
New York : |
| Name of producer, publisher, distributor, manufacturer |
Picador Cookstr Classics, |
| Date of production, publication, distribution, manufacture, or copyright notice |
2018. |
| 300 ## - PHYSICAL DESCRIPTION |
| Extent |
xxv, 241 pages : |
| Other physical details |
illustrations ; |
| Dimensions |
20 cm. |
| 336 ## - CONTENT TYPE |
| Content type term |
text |
| Content type code |
txt |
| Source |
rdacontent |
| 337 ## - MEDIA TYPE |
| Media type term |
unmediated |
| Media type code |
n |
| Source |
rdamedia |
| 338 ## - CARRIER TYPE |
| Carrier type term |
volume |
| Carrier type code |
nc |
| Source |
rdacarrier |
| 490 1# - SERIES STATEMENT |
| Series statement |
Picador Cookstr Classics |
| 500 ## - GENERAL NOTE |
| General note |
Includes index. |
| 500 ## - GENERAL NOTE |
| General note |
Reprint, with new foreword. Originally published: New York : Praeger Publishers, Inc., ©1975. |
| 505 0# - FORMATTED CONTENTS NOTE |
| Formatted contents note |
Foreword / by Anne Willan -- Introduction -- Soups -- Casserole cooking -- Sauces -- Soufflés -- Poaching -- Roasting -- Broiling -- Frying and Sautéing -- Deep-fat frying -- Scrambled eggs and omelettes -- Crêpes and their relatives -- Mousses and cold soufflés -- Custards -- Menu planning. |
| 520 ## - SUMMARY, ETC. |
| Summary, etc. |
"Anyone who can understand the reasoning behind basic cooking techniques can become a creative, relaxed, and confident cook. Chalmers takes the would-be chef through how the addition or substitution of a few ingredients can transform a simple dish into a culinary masterpiece. The Confident Cook, invaluable to experienced cooks as well as to beginners, demonstrates that in fact there are only four or five basic methods of cooking food. Once mastered, these basic methods can be used with many different ingredients to create countless dishes. Chalmers shows how beef stew, braised veal, coq au vin, and a vegetable casserole, for example, are similar in their preparation; how a simple beef stew can become a hearty Mulligan, a Belgian carbonnade, a French boeuf bourguingnon, or your own less classic invention. More important, she shows how you can whip up something delectable from whatever supplies you have available without being tied to a recipe with specified ingredients. About two hundred recipes are given with logical and practical directions, and some seventy-five original line drawings clearly illustrate each technique and some of the finished dishes. But the heart of this book is the information that makes it possible to dispense altogether with recipes and to start experimenting - confidently and successfully - with your own creative cooking ideas."-- |
| Assigning source |
Provided by publisher. |
| 650 #0 - SUBJECT ADDED ENTRY--TOPICAL TERM |
| Topical term or geographic name entry element |
Cooking. |
| 650 #0 - SUBJECT ADDED ENTRY--TOPICAL TERM |
| Topical term or geographic name entry element |
Cooking, American. |
| 650 #0 - SUBJECT ADDED ENTRY--TOPICAL TERM |
| Topical term or geographic name entry element |
Cooking, European. |
| 650 #7 - SUBJECT ADDED ENTRY--TOPICAL TERM |
| Topical term or geographic name entry element |
COOKING / Methods. |
| Source of heading or term |
bisacsh |
| 650 #7 - SUBJECT ADDED ENTRY--TOPICAL TERM |
| Topical term or geographic name entry element |
Cooking, European. |
| Source of heading or term |
fast |
| Authority record control number or standard number |
(OCoLC)fst01753310 |
| 650 #7 - SUBJECT ADDED ENTRY--TOPICAL TERM |
| Topical term or geographic name entry element |
Cooking, American. |
| Source of heading or term |
fast |
| Authority record control number or standard number |
(OCoLC)fst01753224 |
| 650 #7 - SUBJECT ADDED ENTRY--TOPICAL TERM |
| Topical term or geographic name entry element |
Cooking. |
| Source of heading or term |
fast |
| Authority record control number or standard number |
(OCoLC)fst01754966 |
| 655 #7 - INDEX TERM--GENRE/FORM |
| Genre/form data or focus term |
Cookbooks. |
| Source of term |
fast |
| Authority record control number or standard number |
(OCoLC)fst01752725 |
| 655 #7 - INDEX TERM--GENRE/FORM |
| Genre/form data or focus term |
Cookbooks. |
| Source of term |
lcgft |
| 700 1# - ADDED ENTRY--PERSONAL NAME |
| Personal name |
Willan, Anne, |
| Relator term |
writer of foreword. |
| 700 1# - ADDED ENTRY--PERSONAL NAME |
| Personal name |
Penny, Robert Graham, |
| Relator term |
illustrator. |
| 830 #0 - SERIES ADDED ENTRY--UNIFORM TITLE |
| Uniform title |
Picador Cookstr classics. |
| 906 ## - LOCAL DATA ELEMENT F, LDF (RLIN) |
| a |
0 |
| b |
ibc |
| c |
copycat |
| d |
2 |
| e |
epcn |
| f |
20 |
| g |
y-gencatlg |